ბათუმის შოთა რუსთაველის სახელმწიფო უნივერსიტეტის ბიბლიოთეკა

ქისტები, რომლებმაც შექმნეს პანკისის ხეობის ისტორია / (ბიბ.ჩანაწერი № 62196)

000 -ლიდერი
ფიქსირებული სიგრძის საკონტროლო ველი 02313nam a22002657a 4500
003 - საკონტროლო ნომრის იდენტიფიკატორი
საკონტროლო ველი Ge_BSU
005 - ბოლო ოპერაციის თარიღი და დრო
საკონტროლო ველი 20240731143956.0
008 - ფიქსირებული სიგრძის მონაცემთა ელემენტები - ზოგადი ინფორმაცია
ფიქსირებული სიგრძის საკონტროლო ველი 240731s2024 ge ||||| |||| 00| 0 geo d
020 ## - წიგნის საერთაშორისო სტანდარტული ნომერი
International Standard Book Number 9789941857546
041 ## - ენის კოდი
Language code of text/sound track or separate title geo
080 ## - უნივერსალური ათობითი კლასიფიკაციის ინდექსი
Universal Decimal Classification number 94(=351.4)(479.22):392(=351.4)(479.22) ხ-22
100 ## - მთავარი ჩანაწერი - პიროვნების სახელი
Personal name ხანგოშვილი, მექა
Relator term ავტორი.
9 (RLIN) 23012
245 ## - ცნობა სათაურის შესახებ
Title ქისტები, რომლებმაც შექმნეს პანკისის ხეობის ისტორია /
Statement of responsibility, etc მექა ხანგოშვილი ; პ/მგ რედაქტორი მარინა ხარხელაური ; რედაქტორები: ამირან არაბული, ხასო ხანგოშვილი ; ილუსტრაციების ავტორები: ნათელა ცათიაშვილი, ევა გუმაშვილი ; ფოტომასალების ავტორი თუმი დიშნი (ნონა ხანგოშვილი) ; დიზაინი ილნარ გორელაშვილი.
264 ## - წარმოების, გამოცემის, დისტრიბუციის და სხვა ცნობები
გამოცემის, წარმოების, დისტრიბუციის... ადგილი თბილისი :
გამოცემის, წარმოების, დისტრიბუციის... სახელწოდება საქართველოს პარლამენტის ეროვნული ბიბლიოთეკა,
გამოცემის, წარმოების, დისტრიბუციის... თარიღი 2024.
300 ## - ფიზიკური აღწერა
Extent 910 გვ. :
Other physical details ფოტ., ილ. ;
Dimensions 29 სმ.
600 ## - SUBJECT ADDED ENTRY--PERSONAL NAME
Personal name ეძღვნება დუა დაშნელს (ციცხაშაშვილს)
9 (RLIN) 23031
653 ## - INDEX TERM--UNCONTROLLED
Uncontrolled term ქისტები საქართველოში. ქისტების ეთნოგრაფია.
653 ## - INDEX TERM--UNCONTROLLED
Uncontrolled term ისტორია
653 ## - INDEX TERM--UNCONTROLLED
Uncontrolled term ეთნოგრაფია
700 ## - ADDED ENTRY--PERSONAL NAME
Personal name ხარხელაური, მარინა
Relator term პ/მგ რედაქტორი
9 (RLIN) 23032
700 ## - ADDED ENTRY--PERSONAL NAME
Personal name არაბული, ამირან
Relator term რედაქტორი.
9 (RLIN) 5770
700 ## - ADDED ENTRY--PERSONAL NAME
Personal name ხანგოშვილი, ხასო
Relator term რედაქტორი. და სხვ
9 (RLIN) 23015
710 ## - ADDED ENTRY--CORPORATE NAME
Corporate name or jurisdiction name as entry element წიგნი გამოიცა საქართველოს პარლამენტის ეროვნული ბიბლიოთეკის ფინანსური დახმარებით
9 (RLIN) 23033
942 ## - ADDED ENTRY ELEMENTS (KOHA)
Source of classification or shelving scheme
Koha item type წიგნი
ეგზემპლარები
ჩამოწერის სტატუსი დაკარგული ეგზემპლარის სტატუსი კლასიფიკაციის წყარო ან თაროზე გაწყობის სქემა დაზიანების სტატუსი არ გაიცემა მუდმივი მდებარეობა (დაცვის ადგილი) ამჟამინდელი ადგილსამყოფელი თაროზე განთავსების ადგილი შეძენის თარიღი ღირებულება, შესყიდვის ნორმალური ფასი სრული შენახვის შიფრი შტრიხკოდი ბოლო ოპერაციის თარიღი ეგზემპლარის მიმდევრობითი ნომერი (კეტერი?) ფასის ძალაში შესვლის თარიღი ეგზემპლარის სახეობა საჯარო შენიშვნა Uniform Resource Identifier
          ბათუმის შოთა რუსთაველის სახელმწიფო უნივერსიტეტის მთავარი ბიბლიოთეკა ბათუმის შოთა რუსთაველის სახელმწიფო უნივერსიტეტის მთავარი ბიბლიოთეკა წიგნსაცავი 2024-07-31 10.00 94(=351.4)(479.22):392(=351.4)(479.22) ხ-22 66082 2024-07-31 66082 2024-07-31 წიგნი 10.00  
          ბათუმის შოთა რუსთაველის სახელმწიფო უნივერსიტეტის მთავარი ბიბლიოთეკა ბათუმის შოთა რუსთაველის სახელმწიფო უნივერსიტეტის მთავარი ბიბლიოთეკა წიგნსაცავი 2025-12-17 25.00 94(=351.4)(479.22):392(=351.4)(479.22) ხ-22 73295 2025-12-17 73295 2025-12-17 წიგნი 25 ლ. საჩუქარი საქართველოს ეროვნული ბიბლიოთეკისაგან